000
00332nam a22001457a 4500
020
_a
978-*93-83080-56-4
082
_a
894.812.1
_b
PIL/H
100
_a
N.B.PILLA, PINDANI
245
_a
108 KUTTIKKAVITHAKAL
260
_a
THRISSUR
_b
H & C PUBLISHING HOUSE
_c
2012
300
_a
80
520
_a
POETRY
650
_a
POETRY
942
_c
BK
999
_c
4547
_d
4547